Stades de la coupe du monde 2026 par images - Statistiques

Statistiques générales
  • Ce quiz a été pris 5 fois
  • Le résultat moyen est 4 sur 16
Statistiques - réponses
Par images Hint Réponse % Correct
Vancouver BC Place
67%
Kansas City Arrowhead Stadium
33%
Dallas AT&T Stadium
33%
Mexico Estadio Azteca
33%
Monterrey Estadio BBVA
33%
Boston Gillette Stadium
33%
Miami Hard Rock Stadium
33%
San Francisco Levi's Stadium
33%
Atlanta Mercedes-Benz Stadium
33%
New York MetLife Stadium
33%
Toronto BMO Field
0%
Guadalajara Estadio Akron
0%
Philadelphie Lincoln Financial Field
0%
Seattle Lumen Field
0%
Houston NRG Stadium
0%
Los Angeles SoFi Stadium
0%
Aucun quiz correspondant
Distribution des résultats
% des personnes avec chaque résultat
Percentile par nombre de réponses
Votre historique - résultats
Vous n’avez pas pris ce quiz